| 000 | 00551nam a22001937a 4500 | ||
|---|---|---|---|
| 005 | 20251108173114.0 | ||
| 008 | 250721s2004 xx 000 0 ara d | ||
| 082 | 1 | 4 | _a811.3009/عبد |
| 100 | 1 | _aعبد الوهاب، سعاد | |
| 245 | 1 | 0 | _aللموت وجه آخر / |
| 264 | 1 |
_aالقاهرة : _bالدار المصرية السعودية، _c2004. |
|
| 300 | _a208ص | ||
| 650 | 1 | 7 | _aالشعر العربي |
| 650 | 1 | 7 | _aالرثاء |
| 650 | 1 | 7 | _aالموت |
| 650 | 1 | 7 | _aالنقد الأدبي |
| 942 |
_2ddc _cBK |
||
| 999 |
_c96176 _d96176 |
||